[Event "BCF-chT3Nd 1516 (4NCL)"]
[Site "England"]
[Date "2016.03.20"]
[Round "8.97"]
[White "Emmerton, Stephen J"]
[Black "Natt, Antony L"]
[Result "0-1"]
[WhiteElo "1806"]
[BlackElo "1967"]
[PlyCount "52"]
[EventDate "2016.03.20"]
[EventType "team-swiss"]
[EventRounds "11"]
[EventCountry "ENG"]
[SourceTitle "EXT 2017"]
[Source "ChessBase"]
[SourceDate "2016.10.25"]
[SourceVersion "1"]
[SourceVersionDate "2016.10.25"]
[SourceQuality "1"]
[WhiteTeam "Cheddleton III"]
[BlackTeam "Spirit of Atticus III"]
[WhiteTeamCountry "ENG"]
[BlackTeamCountry "ENG"]

1. e4 c5 2. Nf3 g6 3. d4 cxd4 4. Nxd4 Nc6 5. Be3 Bg7 6. Qd2 Nf6 7. f3 0-0 8. Nc3 d6 9. 0-0-0 Nxd4 10. Bxd4 Be6 11. Nd5 Bxd5 12. exd5 Qd7 13. c4 Rfc8 14. Bc3 a6 15. Kb1 b5 16. cxb5 axb5 17. Bxf6 Bxf6 18. Rc1 Rxc1+ 19. Qxc1 Qf5+ 20. Qc2 Qxd5 21. a3 b4 22. Bd3 bxa3 23. Be4 axb2 24. Qc8+ Rxc8 25. Bxd5 e6 26. Ba2 d5 0-1

[Event "BCF-ch U140"]
[Site "Coventry"]
[Date "2015.07.27"]
[Round "1"]
[White "Emmerton, Stephen J"]
[Black "Vernon, Colin G"]
[Result "1-0"]
[WhiteElo "126"]
[BlackElo "1462"]
[PlyCount "81"]
[EventDate "2015.07.27"]
[EventType "swiss"]
[EventRounds "5"]
[EventCountry "ENG"]
[SourceTitle "EXT 2016"]
[Source "ChessBase"]
[SourceDate "2015.10.08"]
[SourceVersion "1"]
[SourceVersionDate "2015.10.08"]
[SourceQuality "1"]

1. Nf3 d5 2. c4 c6 3. g3 Nf6 4. Bg2 e6 5. 0-0 Be7 6. e3 0-0 7. b3 Ne4 8. Bb2 Bf6 9. d4 c5 10. Qc2 Nc6 11. a3 Bd7 12. Ne5 cxd4 13. exd4 Qc7 14. Bxe4 dxe4 15. Qxe4 Nxe5 16. dxe5 Bc6 17. Qe3 Be7 18. Nd2 b6 19. b4 Rad8 20. Bd4 Ba8 21. Rad1 Qb7 22. f3 Rd7 23. Bc3 a5 24. Ne4 Rxd1 25. Rxd1 axb4 26. axb4 Rc8 27. Qd3 Qc7 28. Qd7 Bxe4 29. fxe4 Qxd7 30. Rxd7 Bf8 31. Rd4 Ra8 32. Bd2 Ra1+ 33. Kg2 Ra8 34. Kf3 g6 35. Ke2 Ra2 36. Kd3 h5 37. Rd8 Kg7 38. Rb8 Bxb4 39. Bxb4 Rxh2 40. Rxb6 Rg2 41. Be1 1-0